000 00602nam a22002297a 4500
003 UA-OsUOA
001 93266
007 ta
008 20130116b un ||||| |||| 00| 0 ukr d
100 _aВоробьев К.
090 _a821.161.1
_bВ 75
942 _cBK
040 _aUA-OsUOA
_brus
_cUA-OsUOA
_dUA-OsUOA
245 _aУбиты под Москвой
_bповести
300 _a464 с.
955 _a4
041 _arus
080 _a821.161.1
260 _aМ.
_bПравда
_c1989
650 7 _a82 Література. Літературознавство
_2UDC
999 _c379509
_d379509